000 02260nam0a2200373 4500
001 RU\NLR\BIBL_A\022349716
005 20260420015716.0
010 _a978-5-9275-4701-2
_9300
021 _aRU
_bКН-П-24-050742
_9КН-П-24-5044
035 _a(NLR Aleph) 022349716
090 _a13667095
_c13667095
100 _a20241010d2024 k y0rusy50 ca
101 0 _arus
102 _aRU
105 _aa z 000yy
181 0 _ai3
_baxxe
182 0 _an
200 1 _aТеория и практика подготовки будущих педагогов средствами реверсивных и иммерсивных технологий
_eмонография
_fпроф., д. полит. наук С. В. Котов, проф., д. пед. наук Н. П. Петрова, канд. пед. наук Г. С. Котов [и др.]
_gМинистерство науки и высшего образования Российской Федерации, Федеральное государственное бюджетное образовательное учреждение высшего образования "Южный федеральный университет"
203 _aТекст
_bвизуальный
_cнепосредственный
210 _aРостов-на-Дону
_aТаганрог
_cИзд-во Южного федерального университета
_d2024
215 _a181 с.
_cил., табл.
_d20
300 _aАвт. указаны на обороте тит. с.
320 _aБиблиогр.: с. 148–162 (125 назв.)
606 1 _aПедагоги
_xПодготовка
_92350101
_3RU\NLR\AUTH\6601627117
686 1 _aЧ489.518.2
701 1 _aКотов
_bС. В.
_gСергей Владимирович
701 1 _7ca
_8rus
_aПетрова
_bН. П.
_cд-р пед. наук
_gНина Петровна
_948109
_3RU\NLR\AUTH\7765180
701 1 _aКотов
_bГ. С.
_gГригорий Сергеевич
712 0 2 _4475
_aЮжный федеральный университет
_cРостов-на-Дону
_9683115
_3RU\NLR\AUTH\8810090930
942 _cBOOK
980 _aNB